01494nam a2200349Ia 4500001001200000003000800012006001900020007001500039008004100054010001700095020001500112020001800127040002100145035002100166050002500187082001800212245012900230260005100359300002300410490004200433500014700475504005300622533015200675650003300827650003000860655002900890700002200919710001700941830004300958856012601001999001701127ebr10288692CaPaEBRm u cr cn|||||||||940127s1994 ilua sb 101 0 eng d z 94005186  z0226056783 z9780226056784 aCaPaEBRcCaPaEBR a(OCoLC)43567314914aHD7090b.S578 1994eb04a331.1204222000aSocial protection versus economic flexibilityh[electronic resource] :bis there a trade-off? /cedited by Rebecca M. Blank. aChicago :bUniversity of Chicago Press,c1994. aix, 376 p. :bill.1 aNBER Comparative labor markets series a"These papers were first presented at a conference held at the Centre for Economic Performance (CEP) at the London School of Economics"--Pref. aIncludes bibliographical references and indexes. aElectronic reproduction.bPalo Alto, Calif. :cebrary,d2011.nAvailable via World Wide Web.nAccess may be limited to ebrary affiliated libraries. 0aSocial securityvCongresses. 0aLabor marketvCongresses. 7aElectronic books.2local1 aBlank, Rebecca M.2 aebrary, Inc. 0aNBER Comparative labor markets series.40uhttp://site.ebrary.com/lib/rucke/Doc?id=10288692zAn electronic book accessible through the World Wide Web; click to view c15521d15521